Sports Quiz

Random Sports or Football Quiz

Blackboard Blitz: NFL Teams Quiz Stats

 Plays Quiz Updated Dec 19, 2017

Score 0/13 Timer 01:00
21 Plays Today
% Correct
Devils
97.1%
Nuggets
97%
Yankees
97%
Angels
96.6%
Wizards
96.1%
Spurs
95.9%
Coyotes
95.6%
Penguins
95.6%
Bruins
95.4%
Marlins
94.5%
Wild
93.9%
Warriors
93.4%
Cubs
92.3%

You're not logged in!

Compare scores with friends on all Sporcle quizzes.
OR
Log In

You Might Also Like...

Show Comments

Extras

Top Quizzes Today


Score Distribution

Your Account Isn't Verified!

In order to create a playlist on Sporcle, you need to verify the email address you used during registration. Go to your Sporcle Settings to finish the process.

Report this User

Report this user for behavior that violates our Community Guidelines.

Details: